000 01265nam a2200301 a 4500
001 ebr10728405
003 CaPaEBR
006 m o u
007 cr cn|||||||||
008 130715s2013 enka sb 001 0 eng d
020 _z9781849695046
020 _z9781849695053 (e-book)
040 _aCaPaEBR
_cCaPaEBR
035 _a(OCoLC)854569112
050 1 4 _aT385
_b.M68 2013eb
100 1 _aMovania, Muhammad Mobeen.
245 1 0 _aOpenGL development cookbook
_h[electronic resource] :
_bover 40 recipes to help you learn, understand, and implement modern OpenGL in your applications /
_cMuhammad Mobeen Movania.
260 _aBirmingham :
_bPackt Pub.,
_c2013.
300 _aiii, 311 p. :
_bill. (some col.)
500 _a"Quick answers to common problems"--Cover.
504 _aIncludes bibliographical references and index.
533 _aElectronic reproduction.
_bPalo Alto, Calif. :
_cebrary,
_d2013.
_nAvailable via World Wide Web.
_nAccess may be limited to ebrary affiliated libraries.
630 0 0 _aOpenGL.
650 0 _aComputer graphics.
655 7 _aElectronic books.
_2local
710 2 _aebrary, Inc.
856 4 0 _uhttp://site.ebrary.com/lib/rucke/Doc?id=10728405
_zAn electronic book accessible through the World Wide Web; click to view
999 _c37180
_d37180